书目信息 |
| 题名: |
旅游空间北京城
|
|
| 作者: | 赵建彤 著 | |
| 分册: | ||
| 出版信息: | 北京 清华大学出版社 2015 |
|
| 页数: | 417页 | |
| 开本: | 24cm | |
| 丛书名: | 当代北京城市空间研究系列丛书 | |
| 单 册: | ||
| 中图分类: | F592.71 | |
| 科图分类: | ||
| 主题词: | 城市旅游--Cheng Shi Lu^ You--旅游业发展--研究--北京市 | |
| 电子资源: | ||
| ISBN: | 978-7-302-39306-1 | |
| 000 | 01284nam 2200289 450 | |
| 001 | 1673165781 | |
| 005 | 20150203110212.0 | |
| 010 | @a978-7-302-39306-1@dCNY88.00 | |
| 100 | @a20150608d2015 em y0chiy0120 ea | |
| 101 | 0 | @achi |
| 102 | @aCN@b110000 | |
| 105 | @aabk a 000yy | |
| 106 | @ar | |
| 200 | 1 | @a旅游空间北京城@ALu^ You Kong Jian Bei Jing Cheng@d= Tourist spaces in Beijing@f赵建彤著@zeng |
| 210 | @a北京@c清华大学出版社@d2015 | |
| 215 | @a417页@c图, 地图@d24cm | |
| 225 | 2 | @a当代北京城市空间研究系列丛书@ADang Dai Bei Jing Cheng Shi Kong Jian Yan Jiu Xi Lie Cong Shu@v9 |
| 320 | @a有书目 | |
| 330 | @a本书是针对北京这样一座超大规模城市旅游空间现实问题的大胆探索,在跨学科研究平台上,通过不 同尺度和层级的分析,梳理当代北京旅游空间的整体面貌和突出问题,并吸取国外其他城市经验,探讨了 北京旅游空间的优化思路与发展前景,对于北京城市空间发展具有一定的现实意义。 | |
| 333 | @a本书适合于建筑学、城乡规划学、旅游学等学科领域的专业人士和学生,以及相关专业的爱好者。 | |
| 410 | 0 | @12001 @a当代北京城市空间研究系列丛书@v9 |
| 510 | 1 | @aTourist spaces in Beijing@zeng |
| 606 | 0 | @a城市旅游@ACheng Shi Lu^ You@x旅游业发展@x研究@y北京市 |
| 690 | @aF592.71@v5 | |
| 701 | 0 | @a赵建彤@AZhao Jian Tong@4著 |
| 801 | 0 | @aCN@b江苏新华@c20150511 |
| 905 | @aBZT@dF592.71@e3 | |
| 旅游空间北京城= Tourist spaces in Beijing/赵建彤著.-北京:清华大学出版社,2015 |
| 417页:图, 地图;24cm.-(当代北京城市空间研究系列丛书;9) |
| 使用对象:本书适合于建筑学、城乡规划学、旅游学等学科领域的专业人士和学生,以及相关专业的爱好者。 |
| ISBN 978-7-302-39306-1:CNY88.00 |
| 本书是针对北京这样一座超大规模城市旅游空间现实问题的大胆探索,在跨学科研究平台上,通过不 同尺度和层级的分析,梳理当代北京旅游空间的整体面貌和突出问题,并吸取国外其他城市经验,探讨了 北京旅游空间的优化思路与发展前景,对于北京城市空间发展具有一定的现实意义。 |
| ● |
| 相关链接 |
|
|
|
正题名:旅游空间北京城
索取号:F592.71/3
 
预约/预借
| 序号 | 登录号 | 条形码 | 馆藏地/架位号 | 状态 | 备注 |
| 1 | 798286 | 2000798286 | 第二书库/ [索取号:F592.71/3] | 在馆 | |
| 2 | 798287 | 2000798287 | 第二书库/ [索取号:F592.71/3] | 在馆 | |
| 3 | 798288 | 2000798288 | 第二书库/ [索取号:F592.71/3] | 在馆 |